Photogrammetry (Record no. 17396)

000 -LEADER
fixed length control field 00483nam a22001937a 4500
001 - CONTROL NUMBER
control field 17396
003 - CONTROL NUMBER IDENTIFIER
control field BD-DhUET
008 - FIXED-LENGTH DATA ELEMENTS--GENERAL INFORMATION
fixed length control field 150323b xxu||||| |||| 00| 0 eng d
040 ## - CATALOGING SOURCE
Transcribing agency 0
Modifying agency BD-DhUET
082 ## - DEWEY DECIMAL CLASSIFICATION NUMBER
Classification number 526.982
Item number MOF/1959
100 ## - MAIN ENTRY--PERSONAL NAME
Personal name Moffitt, Francis H.
245 ## - TITLE STATEMENT
Title Photogrammetry
250 ## - EDITION STATEMENT
Edition statement 1st ed.
260 ## - PUBLICATION, DISTRIBUTION, ETC. (IMPRINT)
Place of publication, distribution, etc. Scranton
Name of publisher, distributor, etc. International Textbook
Date of publication, distribution, etc. 1959
300 ## - PHYSICAL DESCRIPTION
Extent xi, 455 p.
Other physical details ill.
504 ## - BIBLIOGRAPHY, ETC. NOTE
Bibliography, etc Includes bibliographies
650 #0 - SUBJECT ADDED ENTRY--TOPICAL TERM
Topical term or geographic name as entry element Photogrammetry
942 ## - ADDED ENTRY ELEMENTS (KOHA)
Koha item type General Book
Holdings
Source of classification or shelving scheme Koha normalized classification for sorting Price effective from Koha item type Withdrawn status Shelving location Copy number Koha full call number Location (home branch) Damaged status Not for loan Piece designation (barcode) Lost status Koha date last seen Sublocation or collection (holding branch) Date acquired
 526_982000000000000_MOF_19592015-03-23General Book Circulation section1526.982/MOF/1959Central Library, BUET  4175 2015-03-23Central Library, BUET2015-03-23
 526_982000000000000_MOF_19592015-03-24General Book Circulation section2526.982/MOF/1959Central Library, BUET  2177 2015-03-24Central Library, BUET2015-03-24
 526_982000000000000_MOF_19592015-03-24General Book Circulation section3526.982/MOF/1959Central Library, BUET  2179 2015-03-24Central Library, BUET2015-03-24
 526_982000000000000_MOF_19592015-06-25Reading Item Reading section4526.982/MOF/1959Central Library, BUET  2180 2015-06-25Central Library, BUET2015-06-25